Leader xxxxxxxxxx
005 __ 20020821105600.0
008 __ chi
010 0_ |a957-14-3153-2|b平裝|d新臺幣220元
090 __ |a(nbi)b71965233
100 __ |a20020820d2002 m y0chiy08 e.
101 0_ |achi.
102 __ |atw.
105 __ |ay z 000yy.
200 1_ |a新譯人間詞話|e|f馬自毅注譯|g高桂惠校閱.
205 __ |a初版三刷.
210 __ |a臺北市|c三民|d2002.
215 0_ |a[73],270面|c|d21公分.
225 2_ |a古籍今注新譯叢書.|v
260 1_ |a2002.
300 __ |a附錄:1.自編<<人間詞話>>選;2.戲效季英作口號詩.
300 __ |a原著者為王國維.
300 __ |a部分內容國語注音.
410 _1 |12001 |a古籍今注新譯叢書.
517 10 |a人間詞話.
605 __ |2csh|a人間詞話|x註釋.
606 __ |2csh|a詞|x評論.
681 __ |a823.88|b8366.
700 __ |a|b|4
702 _1 |a高|b桂惠|4校閱.
702 _1 |a馬|b自毅|4注譯.
801 _0 |atw|b暨大|c20020820|gCCR.
|